000
00506nam a2200181Ia 4500
008
090123s9999 xx 000 0 und d
082
_b
25775
100
_a
कुलकर्णी मा.गो.
245
_a
वायरमन
250
_a
1
260
_b
सन प्रकाशन
300
_a
76
600
_a
कुलकर्णी मा.गो.
630
_a
वायरमन
700
_a
कुलकर्णी मा.गो.
730
_a
वायरमन
942
_c
BOOK
999
_c
63846
_d
63846